La reforma de la educación chilena: contexto, contenidos, implementación /

Bibliografske podrobnosti
Glavni avtor: Cox, Cristián
Korporativna značnica: Programas de Promoción de la Reforma Educativa en America Latina (PREAL)
Format: Knjiga
Jezik:španščina
Izdano: Santiago, Chile : PREAL, 1997
Serija:Documentos, no.8
Teme:

MARC

LEADER 00000nam a2200000Ia 4500
008 180307b1997 cl ||||| |||| 00| | spa d
999 |c 1619  |d 1619 
090 |a 06.02.03   |b 584 
100 1 |a Cox, Cristián  |9 3463 
245 1 3 |a La reforma de la educación chilena: contexto, contenidos, implementación /   |c Cristian Cox 
260 |a Santiago, Chile :   |b PREAL,   |b 1997 
300 |a 25 páginas 
490 |a Documentos, no.8 
650 1 4 |a REFORMA DE LA EDUCACIÓN  |9 7 
650 1 4 |a CALIDAD DE LA EDUCACIÓN  |9 11 
650 1 4 |a MODERNIZACIÓN  |9 2078 
710 |a Programas de Promoción de la Reforma Educativa en America Latina (PREAL)  |9 3465 
942 |i 00831 ,00147   |h 06.02.03 584  |2 z  |c 01